[Event "POR-ch Seniors 65+"]
[Site "Luso"]
[Date "2016.07.24"]
[Round "5"]
[White "Viana, Eduardo Escudeiro"]
[Black "Teixeira, Antonio M Guedes"]
[Result "1-0"]
[WhiteElo "1580"]
[BlackElo "1550"]
[PlyCount "73"]
[EventDate "2016.07.21"]
[EventType "swiss"]
[EventRounds "5"]
[EventCountry "POR"]
[SourceTitle "EXT 2018"]
[Source "ChessBase"]
[SourceDate "2017.10.13"]
[SourceVersion "1"]
[SourceVersionDate "2017.10.13"]
[SourceQuality "1"]

1. b3 Nf6 2. Bb2 e6 3. Nf3 Be7 4. c4 0-0 5. e3 c5 6. Be2 Nc6 7. 0-0 a6 8. d4 cxd4 9. Nxd4 Qc7 10. Nd2 Bd6 11. h3 Be5 12. N2f3 Nxd4 13. exd4 Bf4 14. Qc2 b6 15. Rfd1 Bb7 16. Bc1 Be4 17. Qc3 Rac8 18. Ne5 Nd5 19. Qb2 Bxc1 20. Raxc1 Nf6 21. Bf3 Qb7 22. Re1 d6 23. Bxe4 Nxe4 24. Nf3 Rc7 25. Nd2 Ng5 26. Re3 h6 27. h4 Nh7 28. Rg3 Nf6 29. d5 exd5 30. Qxf6 g6 31. h5 g5 32. Qxh6 f6 33. Qg6+ Rg7 34. Qf5 Qf7 35. cxd5 Re8 36. Ne4 Re5 37. Nxf6+ 1-0

[Event "POR-ch Seniors 65+"]
[Site "Luso"]
[Date "2016.07.23"]
[Round "4"]
[White "Teixeira, Antonio M Guedes"]
[Black "Nunes, Adelino Vitor"]
[Result "1/2-1/2"]
[WhiteElo "1550"]
[BlackElo "1559"]
[PlyCount "159"]
[EventDate "2016.07.21"]
[EventType "swiss"]
[EventRounds "5"]
[EventCountry "POR"]
[SourceTitle "EXT 2018"]
[Source "ChessBase"]
[SourceDate "2017.10.13"]
[SourceVersion "1"]
[SourceVersionDate "2017.10.13"]
[SourceQuality "1"]

1. b3 d5 2. Nf3 Nf6 3. Bb2 e6 4. e3 Be7 5. c4 0-0 6. Nc3 c6 7. Bd3 Nbd7 8. cxd5 cxd5 9. Rc1 Nc5 10. Bb1 b6 11. 0-0 Ba6 12. d3 g6 13. b4 Ncd7 14. a3 b5 15. Ne2 Nb6 16. Nd2 Bb7 17. Nd4 a6 18. Nc6 Bxc6 19. Rxc6 Na4 20. Ba1 Qd7 21. Qc2 Rfc8 22. Rc1 Rxc6 23. Qxc6 Qd8 24. h3 Ne8 25. Qc2 Nb6 26. Qd1 Bf6 27. Bxf6 Qxf6 28. d4 Nd6 29. Rc6 Qd8 30. Qc2 Nbc4 31. Nxc4 Nxc4 32. Ba2 Nxa3 33. Qc5 Nc4 34. Bxc4 dxc4 35. Kf1 Qf8 36. Ke2 Qxc5 37. dxc5 Kf8 38. Kd2 a5 39. bxa5 Rxa5 40. Rb6 b4 41. c6 Rc5 42. Rxb4 c3+ 43. Kc2 Rxc6 44. Rb3 Ra6 45. Kxc3 Ra2 46. Rb2 Ra1 47. h4 h5 48. Kd3 Ra3+ 49. Ke2 Ke7 50. Rb4 f5 51. f4 Ra2+ 52. Kf3 Ra3 53. Rb7+ Kf6 54. Rd7 Ra1 55. Kg3 Ra6 56. Rd3 e5 57. fxe5+ Kxe5 58. Rb3 Ke4 59. Kf2 Ra2+ 60. Kf1 Rd2 61. Ra3 Rd3 62. Rxd3 Kxd3 63. Kf2 Ke4 64. g3 Kd5 65. Kf3 Ke5 66. Kf2 Kf6 67. Kf3 g5 68. hxg5+ Kxg5 69. Kf2 Kf6 70. Kf3 Ke5 71. Kf2 Kf6 72. Kf3 Kg5 73. Kf2 Kg4 74. Kg2 h4 75. gxh4 Kxh4 76. Kf3 Kg5 77. e4 f4 78. e5 Kf5 79. e6 Kxe6 80. Kxf4 1/2-1/2

[Event "Gaia Profigaia op 9th"]
[Site "Vila Nova de Gaia"]
[Date "2016.06.26"]
[Round "4"]
[White "Teixeira, Antonio M Guedes"]
[Black "Ribeiro, Andre Amorim"]
[Result "1/2-1/2"]
[WhiteElo "1565"]
[BlackElo "1274"]
[PlyCount "116"]
[EventDate "2016.06.24"]
[EventType "swiss"]
[EventRounds "7"]
[EventCountry "POR"]
[SourceTitle "EXT 2018"]
[Source "ChessBase"]
[SourceDate "2017.10.13"]
[SourceVersion "1"]
[SourceVersionDate "2017.10.13"]
[SourceQuality "1"]

1. b3 d5 2. Bb2 c5 3. e3 Bf5 4. Nf3 a6 5. Be2 e6 6. d3 Nf6 7. 0-0 Be7 8. Nbd2 0-0 9. Nh4 Bg6 10. Nxg6 hxg6 11. Nf3 Nc6 12. c4 dxc4 13. bxc4 b5 14. cxb5 axb5 15. a3 b4 16. Qc2 Qd7 17. Rfc1 bxa3 18. Bxa3 Nb4 19. Qb3 Rfb8 20. Ne5 Qd5 21. Nc4 Nd7 22. Rd1 Ne5 23. Qc3 Bf6 24. d4 Nec6 25. Bf3 Qd7 26. Bxc6 Qxc6 27. Ne5 Qd5 28. Bxb4 Rxa1 29. Rxa1 cxd4 30. exd4 Rd8 31. Bc5 Bxe5 32. Rd1 Rc8 33. Qe3 Rxc5 34. Qxe5 Qxe5 35. dxe5 Rxe5 36. g3 Ra5 37. Kg2 g5 38. g4 Kh7 39. Rd7 f6 40. f3 Kh6 41. Kg3 Ra6 42. Re7 g6 43. h4 gxh4+ 44. Kxh4 g5+ 45. Kg3 f5 46. gxf5 exf5 47. Re5 Kg6 48. Kh3 Rb6 49. Rc5 Rb3 50. Kg3 Rb1 51. Kg2 f4 52. Rc3 Kh5 53. Rc8 Rb2+ 54. Kh3 Rf2 55. Rh8+ Kg6 56. Rg8+ Kf5 57. Rf8+ Ke5 58. Kg4 Rg2+ 1/2-1/2